NFL Coaches who made multiple Superbowls - Statistics

General Stats
  • This quiz has been taken 64 times
  • The average score is 17 of 25
Answer Stats
Appearances Teams HC % Correct
9 NEP Bill Belichick
100%
3 PHI/KAN Andy Reid
92%
2 PIT Mike Tomlin
88%
6 MIA Don Shula
84%
2 SEA Pete Carroll
84%
3 SFF Bill Walsh
76%
2 PIT Bill Cowher
74%
5 DAL Tom Landry
74%
4 PIT Chuck Noll
72%
4 WAS Joe Gibbs
72%
3 NYG/NEP Bill Parcells
70%
2 DAL Jimmy Johnson
70%
2 NYG Tom Coughlin
70%
4 BUF Marv Levy
66%
2 DEN Mike Shanahan
66%
2 LAR Sean McVay
64%
2 GBP Vince Lombardi
64%
3 GBP/SEA Mike Holmgren
58%
2 OAK Tom Flores
56%
4 DEN/ATL Dan Reeves
54%
2 SFF George Seifert
52%
2 PHI/STL Dick Vermeil
50%
2 CAR/DEN John Fox
44%
2 KAN Hank Stram
40%
4 MIN Bud Grant
36%
No matching quizzes found
Score Distribution
Percent of People with Each Score
Percentile by Number Answered
Your Score History
You have not taken this quiz